Gaming Quiz

Random Gaming or Sporcle Quiz
Score 0/20 Timer 08:00
0 Plays Today
Rank Quiz % Correct
1.Bingo Calls
66.7%
2.Carnegie Medal Winners
0%
3.US Area Codes
0%
8.FIFA Century Club
0%
10.Mitchell Report
0%
11.Banned Books
0%
20.Squash
0%
4.Tony Hawk's Pro Skater
-16.7%
5.States' Highest Points
-16.7%
6.6+ Olympic Golds
-16.7%
Rank Quiz % Correct
7.Susan Sarandon Movies
-16.7%
9.Dennis Quaid Movies
-16.7%
12.Top Beer Brewers
-16.7%
13.Newbery Medal Winners
-16.7%
14.Robert Downey Jr. Movies
-16.7%
15.Pre-Presidents
-16.7%
16.Price is Right Games
-16.7%
17.Anthony Hopkins Movies
-16.7%
18.Grammy Best New Artist
-16.7%
19.Fictional Colleges
-16.7%

You're not logged in!

Compare scores with friends on all Sporcle quizzes.
OR
Log In

Sporcle TV

Today on Sporcle TV


Watch our educational content, quiz creation guides, and fun videos on Sporcle TV.

Show Comments

Extras

Created Sep 26, 2009ReportNominate
Tags:Sporcle Quiz, category, difficult

Top Quizzes Today


Score Distribution

Paid Content

Your Account Isn't Verified!

In order to create a playlist on Sporcle, you need to verify the email address you used during registration. Go to your Sporcle Settings to finish the process.

Report this User

Report this user for behavior that violates our Community Guidelines.

Details: